00238nam a2200073Ia 4500008004100000082000800041100001300049245010200062240331s9999 xx 000 0 und d bSIN aSingh, M 0aContemporary personal impressions upon :bIndian Independence movement and Punjabi Suba struggle